Κιμ

Αποθηκεύτηκε σε:
Λεπτομέρειες βιβλιογραφικής εγγραφής
Κύριος συγγραφέας: Kipling, Rudyard 1865-1936
Άλλοι συγγραφείς: Γαρουφαλιάς, Ντίνος (Μεταφραστής)
Μορφή: Βιβλίο
Γλώσσα:Greek
Δημοσίευση: Αθήνα : Κονιδάρης, 1989
Σειρά:Κλασικά αριστουργήματα λογοτεχνίας
Θέματα:
Ετικέτες: Προσθήκη ετικέτας
Δεν υπάρχουν, Καταχωρήστε ετικέτα πρώτοι!

MARC

LEADER 00000nam a2200000 i 4500
001 1/69099
008 990208s1989 gre d
020 |a 960-7136-13-6 
035 |l 10047765 
040 |a GR-MY-UA  |b gre  |e aacr 
041 0 |a gre 
082 0 |a 823 
100 1 |a Kipling, Rudyard  |d 1865-1936. 
245 1 0 |a Κιμ /  |c Ruduard Kipling ; μετάφραση Ντίνος Γαρουφαλιάς 
260 |a Αθήνα :   |b Κονιδάρης,   |c 1989 
300 |a 366 σ. 
490 1 |a Κλασικά αριστουργήματα λογοτεχνίας 
600 1 0 |a Kipling Rudyard  |d 1865-1936. 
650 0 0 |a English fiction  |y 19th century. 
650 0 0 |a Adventure stories. 
651 0 |a India  |x Fiction. 
700 1 |a Γαρουφαλιάς, Ντίνος.  |4 trl 
830 0 |a Κλασικά αριστουργήματα λογοτεχνίας 
852 |a INST  |b RHODES  |e 19990208  |h 823 KIP  |p 005400005565  |q 005400005565  |t BK  |y 0 
901 |a BIBL-1999-1 
909 |a Ρ  |b 058016  |c 1998 
922 |a 4ΕΛΗ  |b 199806  |c ΚΠΣ/ΔΕ  |d EMVASIS